00447 2200181 4500001002100000005001500021008004100036020002200077035001900099041000700118082001100125090001600136100002100152245002900173260000900202300002500211650002900236INLIS00000000000401720241224112830241224||||||||| | ||| |||| || |  a978-602-0832-10-4 0010-1224004017 aid0 a741..5 a741.5 NYO h0 aNyoman Sri Utami00aHujan Lagi, Hijan Lagi ! c2015 a20 hlm.:ilus.;15 cm. 0aIlmu Kesenian & Olahraga